[Event "VIII. hagymatikum Kupa „B”"]
[Site "Makó, Korona Hotel"]
[Date "2019.06.01"]
[Round "5.1"]
[White "Kocsmar, Akos"]
[Black "Marta, Dominik"]
[Result "0-1"]
[WhiteElo "1769"]
[BlackElo "2133"]
[PlyCount "58"]
[EventDate "2019.05.30"]

1. d4 Nf6 2. Nf3 g6 3. g3 b6 4. Bg2 Bb7 5. b3 Bg7 6. Bb2 O-O 7. O-O d5 8. Ne5
Nfd7 9. Nxd7 Qxd7 10. Nd2 c5 11. c3 cxd4 12. cxd4 Nc6 13. e3 Ba6 14. Re1 Nb4
15. Bf1 Bxf1 16. Nxf1 Rac8 17. Re2 Qf5 18. a3 Nd3 19. Rd2 Nxb2 20. Rxb2 e5 21.
Re2 exd4 22. exd4 Qg4 23. Rd2 Qe4 24. f3 Qe7 25. Re2 Qf6 26. Rd2 Rc3 27. Kg2
Rfc8 28. Raa2 Qf5 29. Re2 Qxf3+ 0-1

[Event "VIII. hagymatikum Kupa „B”"]
[Site "Makó, Korona Hotel"]
[Date "2019.06.01"]
[Round "5.2"]
[White "Berta, Sandor"]
[Black "Abraham, Lajos"]
[Result "1-0"]
[WhiteElo "2062"]
[BlackElo "1662"]
[PlyCount "151"]
[EventDate "2019.05.30"]

1. d4 Nf6 2. Bg5 e6 3. e3 Be7 4. Bd3 Nd5 5. Bxe7 Qxe7 6. c3 Nf6 7. Nf3 d5 8.
Ne5 Nbd7 9. f4 g6 10. O-O Ne4 11. c4 f6 12. cxd5 exd5 13. Nxd7 Bxd7 14. Qb3 Bc6
15. Bxe4 Qxe4 16. Nd2 Qe7 17. Rac1 Qd7 18. Qc3 O-O 19. Nb3 Rac8 20. Nc5 Qd6 21.
f5 gxf5 22. Rxf5 b6 23. Nd3 Bd7 24. Rf2 Bb5 25. Nf4 c5 26. Nh5 Be8 27. Ng3 Bg6
28. Rcf1 Kg7 29. Nf5+ Bxf5 30. Rxf5 cxd4 31. Qxd4 Rc4 32. Qd3 Rh4 33. g3 Rg4
34. Qxd5 Qxd5 35. Rxd5 Re4 36. Kf2 Rf7 37. Kf3 Rfe7 38. Re1 Kg6 39. g4 Rb4 40.
Re2 Re5 41. Rd4 Rbb5 42. e4 h5 43. gxh5+ Kxh5 44. Rg2 Ra5 45. Rd8 Rg5 46. Rh8+
Kg6 47. Rg8+ Kh5 48. Rh8+ Kg6 49. Rg8+ Kh5 50. R8xg5+ fxg5 51. Re2 Rxa2 52. e5
Ra4 53. e6 Rf4+ 54. Ke3 Kg6 55. Kd3 Rf8 56. Kd4 Kf6 57. Kd5 Ke7 58. Kc6 b5 59.
Kxb5 Rc8 60. b4 Rc7 61. Re5 Rb7+ 62. Kc5 Rc7+ 63. Kb5 Rb7+ 64. Kc5 Rc7+ 65. Kd4
Rb7 66. Kc4 a6 67. Rxg5 Rb6 68. Re5 Rc6+ 69. Kd4 Rb6 70. Kc4 Rc6+ 71. Kb3 Rc8
72. Ka4 Rh8 73. Ka5 Ra8 74. h4 Rb8 75. Re4 Ra8 76. Kb6 1-0

[Event "VIII. hagymatikum Kupa „B”"]
[Site "Makó, Korona Hotel"]
[Date "2019.06.01"]
[Round "5.3"]
[White "Kakuk, Sandor"]
[Black "Turcsanyi, Vince Gergo"]
[Result "1-0"]
[WhiteElo "2163"]
[BlackElo "1816"]
[PlyCount "77"]
[EventDate "2019.05.30"]

1. d4 d5 2. Nc3 Nf6 3. Bg5 Bf5 4. e3 h6 5. Bh4 Nbd7 6. Bd3 Bxd3 7. Qxd3 g5 8.
Bg3 Nh5 9. Nxd5 Nxg3 10. hxg3 c6 11. Nc3 Qb6 12. O-O-O O-O-O 13. Nge2 e6 14.
Kb1 Ne5 15. Na4 Qa5 16. Qb3 Ng4 17. Rhf1 Nh2 18. Rg1 Ng4 19. Nac3 h5 20. e4 Qc7
21. f3 Nf6 22. d5 Bc5 23. Rh1 exd5 24. exd5 Nxd5 25. Nxd5 cxd5 26. Rxd5 Rxd5
27. Qxd5 Re8 28. Nc3 Re5 29. Qd3 Qe7 30. a3 h4 31. gxh4 gxh4 32. Ne4 f5 33.
Nxc5 Rxc5 34. Qd4 Rb5 35. Rxh4 Rc5 36. Qh8+ Qd8 37. Qxd8+ Kxd8 38. Rh7 Re5 39.
c4 1-0

[Event "VIII. hagymatikum Kupa „B”"]
[Site "Makó, Korona Hotel"]
[Date "2019.06.01"]
[Round "5.4"]
[White "Vadkerti, Vince"]
[Black "Restas, Peter"]
[Result "0-1"]
[WhiteElo "1509"]
[BlackElo "2086"]
[PlyCount "78"]
[EventDate "2019.05.30"]

1. e4 c5 2. Nc3 a6 3. a4 d6 4. f4 Nc6 5. Bc4 g6 6. Nf3 Bg7 7. O-O e6 8. d3 Nge7
9. Qe1 O-O 10. f5 d5 11. Bb3 exf5 12. Nxd5 Nxd5 13. Bxd5 Nb4 14. Bb3 Be6 15.
Bxe6 fxe6 16. Qe2 Qd6 17. e5 Qc7 18. c3 Nc6 19. d4 cxd4 20. cxd4 Nb4 21. Ra3
Rac8 22. Bg5 h6 23. Bh4 Qd7 24. Qd2 a5 25. Rc1 g5 26. Bf2 g4 27. Ne1 Bxe5 28.
Rxc8 Rxc8 29. Qxh6 Bxd4 30. Bxd4 Qxd4+ 31. Kh1 Qe5 32. Qg6+ Kf8 33. Qh6+ Ke8
34. Re3 Qd5 35. Rxe6+ Kd7 36. Rg6 Re8 37. Rg7+ Kc8 38. Qh4 Qe5 39. Rg8 Rxg8 0-1

[Event "VIII. hagymatikum Kupa „B”"]
[Site "Makó, Korona Hotel"]
[Date "2019.06.01"]
[Round "5.5"]
[White "Retkes, Peter"]
[Black "Marjanovic, Gyorgy"]
[Result "1/2-1/2"]
[WhiteElo "2101"]
[BlackElo "2035"]
[PlyCount "43"]
[EventDate "2019.05.30"]

1. e4 e5 2. f4 d5 3. exd5 exf4 4. Nf3 Nf6 5. Bc4 Nxd5 6. O-O Be6 7. Bxd5 Qxd5
8. d4 Be7 9. Bxf4 Qd8 10. c3 O-O 11. Nbd2 Nd7 12. Ne4 Nf6 13. Nxf6+ Bxf6 14.
Be5 Be7 15. Qc2 c5 16. Qf2 f6 17. Bf4 cxd4 18. Qxd4 Qxd4+ 19. Nxd4 Bc5 20. Be3
Rfe8 21. Rfe1 Bf7 22. a3 1/2-1/2

[Event "VIII. hagymatikum Kupa „B”"]
[Site "Makó, Korona Hotel"]
[Date "2019.06.01"]
[Round "5.6"]
[White "Panda, Gyorgy"]
[Black "Csikos, Mihaly"]
[Result "0-1"]
[WhiteElo "1653"]
[BlackElo "2044"]
[PlyCount "74"]
[EventDate "2019.05.30"]

1. d4 d5 2. c4 e6 3. Nc3 Nf6 4. Nf3 Nbd7 5. cxd5 exd5 6. e3 c6 7. Bd3 Bd6 8.
O-O O-O 9. e4 dxe4 10. Nxe4 Nxe4 11. Bxe4 Nf6 12. Bc2 Nd5 13. Ng5 f5 14. a3 Qf6
15. Re1 h6 16. Nf3 Be6 17. Qd2 Rae8 18. b4 Bf7 19. Bb2 Nb6 20. Ne5 Bd5 21. Bd3
Qh4 22. f4 Bxe5 23. dxe5 Rd8 24. Bd4 Bxg2 25. Bxb6 axb6 26. Bc4+ Bd5 27. Bxd5+
Rxd5 28. Qf2 Qxf2+ 29. Kxf2 Kf7 30. Ra2 g5 31. Kf3 Ke6 32. h3 Rd3+ 33. Re3
Rxe3+ 34. Kxe3 gxf4+ 35. Kxf4 Rd8 36. Re2 Rd4+ 37. Kf3 Rd3+ 0-1

[Event "VIII. hagymatikum Kupa „B”"]
[Site "Makó, Korona Hotel"]
[Date "2019.06.01"]
[Round "5.7"]
[White "Balint, Richard"]
[Black "Kralik, Attila"]
[Result "1-0"]
[WhiteElo "2043"]
[BlackElo "1631"]
[PlyCount "75"]
[EventDate "2019.05.30"]

1. e4 g6 2. d4 Bg7 3. Be3 c5 4. Nc3 Qa5 5. Qd2 Nf6 6. dxc5 Nc6 7. f3 O-O 8. Nb5
Nb4 9. c3 Nc6 10. Nd4 a6 11. Bd3 Ne5 12. b4 Qc7 13. Nge2 Rd8 14. O-O d5 15.
cxd6 Rxd6 16. Bf4 Nh5 17. Bxe5 Bxe5 18. Rad1 Bxh2+ 19. Kxh2 Rxd4+ 20. f4 Rd8
21. Kh1 Bg4 22. Qe3 g5 23. g3 Rd6 24. e5 Rh6 25. Kg1 Rc8 26. fxg5 Re6 27. Qe4
f5 28. gxf6 Nxf6 29. Rxf6 exf6 30. Qxg4+ Kf7 31. Bf5 Qb6+ 32. Kf1 Rce8 33.
Bxe6+ Rxe6 34. Rd7+ Re7 35. e6+ Kf8 36. Nd4 Rxd7 37. exd7 Qd6 38. d8=Q+ 1-0

[Event "VIII. hagymatikum Kupa „B”"]
[Site "Makó, Korona Hotel"]
[Date "2019.06.01"]
[Round "5.8"]
[White "Fabian Nagy, Sandor"]
[Black "Vamosi, Peter Istvan"]
[Result "1/2-1/2"]
[WhiteElo "2021"]
[BlackElo "1626"]
[PlyCount "51"]
[EventDate "2019.05.30"]

1. e4 c6 2. d4 d5 3. Nc3 dxe4 4. Nxe4 Bf5 5. Nc5 e5 6. Nb3 Nd7 7. Be3 Ngf6 8.
dxe5 Nxe5 9. Nd4 Bg6 10. Be2 Nd5 11. Qd2 Qc7 12. f4 Be4 13. fxe5 Bxg2 14. Bf3
Bxh1 15. Bxh1 Qxe5 16. O-O-O Be7 17. Re1 O-O 18. Ngf3 Qc7 19. Nf5 Bf6 20. Rg1
Nxe3 21. Qxe3 Qb6 22. N3d4 Kh8 23. c3 Qa5 24. a3 Qe5 25. Qf2 Rae8 26. Nc2
1/2-1/2

[Event "VIII. hagymatikum Kupa „B”"]
[Site "Makó, Korona Hotel"]
[Date "2019.06.01"]
[Round "5.9"]
[White "Bacsi, Kristof"]
[Black "Molnar, Gabor"]
[Result "1/2-1/2"]
[WhiteElo "1695"]
[BlackElo "1999"]
[PlyCount "81"]
[EventDate "2019.05.30"]

1. d4 Nf6 2. Nf3 e6 3. c4 Bb4+ 4. Bd2 Qe7 5. a3 Bxd2+ 6. Nbxd2 d6 7. e4 e5 8.
d5 O-O 9. Be2 Ne8 10. O-O f5 11. exf5 Bxf5 12. Qb3 b6 13. Rfe1 Nd7 14. Qc3 Qf6
15. Bd3 Nc5 16. Ne4 Nxe4 17. Bxe4 Bg4 18. Qe3 Bxf3 19. Bxf3 Qf4 20. Qxf4 Rxf4
21. Re4 Rf7 22. Rae1 Nf6 23. R4e2 Raf8 24. b4 Ra8 25. Be4 a5 26. Bf5 Rff8 27.
Be6+ Kh8 28. c5 axb4 29. axb4 bxc5 30. bxc5 Ra5 31. cxd6 cxd6 32. Rd1 g6 33.
Rc2 Rb8 34. f3 Rbb5 35. Rc6 Nxd5 36. Rxd6 Ne3 37. Rd8+ Kg7 38. R1d7+ Kf6 39.
Rd6 Rb2 40. Bg8+ Kg5 41. Rd2 1/2-1/2

[Event "VIII. hagymatikum Kupa „B”"]
[Site "Makó, Korona Hotel"]
[Date "2019.06.01"]
[Round "5.10"]
[White "Hajdu, Istvan"]
[Black "Oltean, Cristian-Daniel"]
[Result "1-0"]
[WhiteElo "1900"]
[BlackElo "1689"]
[PlyCount "57"]
[EventDate "2019.05.30"]

1. e4 d6 2. d4 Nf6 3. Nc3 e5 4. Nf3 Nbd7 5. Bg5 Be7 6. h3 exd4 7. Qxd4 O-O 8.
Bc4 Re8 9. O-O Nc5 10. Be3 Be6 11. Ng5 Nfd7 12. Nxe6 Nxe6 13. Qd2 Bf8 14. Rae1
g6 15. f4 Bg7 16. f5 gxf5 17. exf5 Nec5 18. Bg5 Bf6 19. Rxe8+ Qxe8 20. Bxf6 h6
21. Qxh6 Nxf6 22. Qxf6 Qf8 23. Rf4 Qg7 24. Rg4 Qxg4 25. hxg4 Rf8 26. Qg6+ Kh8
27. Qh6+ Kg8 28. f6 Ne6 29. Bxe6 1-0

[Event "VIII. hagymatikum Kupa „B”"]
[Site "Makó, Korona Hotel"]
[Date "2019.06.01"]
[Round "5.11"]
[White "Illes, David Mark"]
[Black "Farkas, Virag"]
[Result "1-0"]
[WhiteElo "1846"]
[BlackElo "1458"]
[PlyCount "91"]
[EventDate "2019.05.30"]

1. e4 c5 2. Nf3 a6 3. Bd3 e6 4. c3 d5 5. e5 Nc6 6. Bc2 Qb6 7. O-O d4 8. Na3 Qc7
9. Re1 b5 10. Be4 Bb7 11. Nc2 Rd8 12. cxd4 Nxd4 13. Ncxd4 cxd4 14. a4 Bc5 15.
d3 Ne7 16. Bd2 Bxe4 17. Rxe4 Bb6 18. Qb3 Rd5 19. axb5 Rxb5 20. Qa4 O-O 21. Bb4
Bc5 22. Rc1 Qb6 23. Bxc5 Rxc5 24. Rxc5 Qxc5 25. Qxd4 Qc7 26. h3 Rd8 27. Qa4
Qc1+ 28. Re1 Qxb2 29. Qxa6 Qc2 30. Ra1 h6 31. d4 Nd5 32. Qa5 Rf8 33. Qc5 Qg6
34. g3 Nf4 35. Kh2 Nd5 36. Nd2 Qf5 37. Kg2 Qd3 38. Nf3 Qe2 39. Qa3 Qe4 40. Qb3
h5 41. Qb1 Qe2 42. Ra3 Rc8 43. Qd3 Qb2 44. Rb3 Qa2 45. Rb7 Rc3 46. Rb8+ 1-0

[Event "VIII. hagymatikum Kupa „B”"]
[Site "Makó, Korona Hotel"]
[Date "2019.06.01"]
[Round "5.12"]
[White "Kardos, Levente"]
[Black "Martonosi, Adam"]
[Result "0-1"]
[WhiteElo "1629"]
[BlackElo "1944"]
[PlyCount "52"]
[EventDate "2019.05.30"]

1. d4 g6 2. Nf3 Bg7 3. e3 c5 4. c3 cxd4 5. cxd4 Nf6 6. Nbd2 d5 7. Bd3 Nc6 8. a3
O-O 9. O-O e5 10. Nxe5 Nxe5 11. dxe5 Ng4 12. Nf3 Qb6 13. Nd4 Nxe5 14. Qe2 Re8
15. Rd1 Bg4 16. f3 Bd7 17. Bd2 f5 18. Bc3 f4 19. e4 dxe4 20. Bxe4 Bc6 21. Bxc6
bxc6 22. Kh1 Rad8 23. Nc2 Nd3 24. Qxd3 Rxd3 25. Rxd3 Bxc3 26. bxc3 Qf2 0-1

[Event "VIII. hagymatikum Kupa „B”"]
[Site "Makó, Korona Hotel"]
[Date "2019.06.01"]
[Round "5.14"]
[White "Lovaszi, Szabolcs"]
[Black "Kiss, Laszlo"]
[Result "0-1"]
[WhiteElo "1667"]
[BlackElo "1850"]
[PlyCount "68"]
[EventDate "2019.05.30"]

1. d4 Nf6 2. Bf4 e6 3. e3 b6 4. Nf3 Bb7 5. Nbd2 Be7 6. h3 O-O 7. Be2 c5 8. c3
d6 9. O-O Re8 10. Re1 Nbd7 11. Nc4 Nf8 12. a4 Ng6 13. Bh2 cxd4 14. exd4 Rc8 15.
Nfd2 Nd5 16. Bf3 Nh4 17. Ne3 Nxe3 18. fxe3 Nxf3+ 19. Nxf3 f5 20. Nd2 Bh4 21.
Re2 Ba6 22. c4 d5 23. Nf3 Bxc4 24. Rc2 Be7 25. Rac1 Bg5 26. Qd2 h6 27. b4 a6
28. b5 axb5 29. axb5 Ra8 30. Rb2 Ra5 31. Rcb1 Ra3 32. Re1 Rd3 33. Qc1 Qa8 34.
h4 Bxe3+ 0-1

[Event "VIII. hagymatikum Kupa „B”"]
[Site "Makó, Korona Hotel"]
[Date "2019.06.01"]
[Round "5.15"]
[White "Toth, Lili"]
[Black "Panda, Barnabas"]
[Result "1-0"]
[WhiteElo "1464"]
[BlackElo "1722"]
[PlyCount "73"]
[EventDate "2019.05.30"]

1. d4 Nf6 2. c4 e6 3. Nc3 Bb4 4. e3 b6 5. Nf3 Bb7 6. Bd3 Bxc3+ 7. bxc3 O-O 8.
O-O Ne4 9. Qc2 f5 10. Ba3 d6 11. Rab1 c5 12. Nd2 Nxd2 13. Qxd2 Nd7 14. Be2 g5
15. d5 e5 16. f4 gxf4 17. exf4 e4 18. g4 Kh8 19. g5 Qe7 20. Qe3 Nb8 21. h4 Na6
22. h5 Nc7 23. Bc1 b5 24. Qh3 Rab8 25. Rd1 Ba6 26. cxb5 Bxb5 27. c4 Bd7 28.
Bb2+ Kg8 29. h6 Rxb2 30. Rxb2 Na6 31. a3 Rc8 32. Rb7 Rc7 33. Rxc7 Nxc7 34. Rb1
Bc8 35. Rb8 Qd7 36. Qc3 Ne8 37. Bh5 1-0

[Event "VIII. hagymatikum Kupa „B”"]
[Site "Makó, Korona Hotel"]
[Date "2019.06.01"]
[Round "5.16"]
[White "K. Szabo, Jozsef"]
[Black "Csiki, Laszlo Levente"]
[Result "1-0"]
[WhiteElo "1699"]
[BlackElo "1222"]
[PlyCount "47"]
[EventDate "2019.05.30"]

1. e4 e5 2. d4 exd4 3. Qxd4 Nc6 4. Qe3 d6 5. Bd2 Nf6 6. Nc3 Be6 7. O-O-O Be7 8.
f4 Bg4 9. Nf3 Qd7 10. Bb5 a6 11. Bxc6 Qxc6 12. h3 Bxf3 13. Qxf3 O-O-O 14. g4 h6
15. Be3 Nd7 16. Nd5 Rde8 17. Rd3 Nf6 18. Rc3 Qa4 19. Rxc7+ Kd8 20. Bb6 Nxd5 21.
exd5 Qxa2 22. Qc3 Reg8 23. Rc8+ Kd7 24. Qc7# 1-0

[Event "VIII. hagymatikum Kupa „B”"]
[Site "Makó, Korona Hotel"]
[Date "2019.06.01"]
[Round "5.17"]
[White "Ats, Laszlo Gyorgy"]
[Black "Csibor, Andras"]
[Result "1-0"]
[WhiteElo "1969"]
[BlackElo "1786"]
[Annotator "Bartos,Ferenc"]
[PlyCount "98"]
[EventDate "2019.05.30"]

1. d4 d5 2. h4 Nf6 3. Bf4 e6 4. e3 Bd6 5. Bd3 Nc6 6. Nf3 Qe7 7. Ne5 Nd7 8. Bb5
Bxe5 9. Bxe5 Ncxe5 10. dxe5 c6 11. Ba4 Nxe5 12. Qd4 Qf6 {Valamikor itt maradt
ki egy lépéspár, mert világos 17. lépése Fc2 lenne, ami e nélkül a
lépéspár nélkül nem lehetséges, és mindkét játékos játszmalapján
hiányzott világos c3 lépése, ahogy a rá adott sötét válasz is.} 13. c3
b6 14. Nd2 Nd7 15. Qb4 Qe7 16. Qg4 Qf6 17. Qb4 b5 18. Bc2 Qe7 19. Qg4 Kf8 20.
h5 Nf6 21. Qh4 Ne8 22. Qh2 h6 23. f4 Nf6 24. Qh4 e5 25. Nf3 e4 26. Nd4 Bd7 27.
Bd1 c5 28. Nc2 Nh7 29. Qf2 f5 30. Qd2 Be6 31. Be2 Rb8 32. b4 Kf7 33. a4 bxa4
34. Rxa4 Nf6 35. Kf2 Rb7 36. Ra5 Rc8 37. Ba6 d4 38. Bxb7 dxe3+ 39. Nxe3 Qxb7
40. Rxc5 Rxc5 41. bxc5 Qc7 42. Qd6 Qa5 43. Rd1 Qxc3 44. c6 Ne8 45. Qd4 Qxc6 46.
Qxa7+ Kg8 47. Rd8 Bf7 48. Nxf5 Qc2+ 49. Kg3 Qc3+ 1-0

[Event "VIII. hagymatikum Kupa „B”"]
[Site "Makó, Korona Hotel"]
[Date "2019.06.01"]
[Round "5.18"]
[White "Balogh, Gyula"]
[Black "Nagy, Gabor"]
[Result "0-1"]
[WhiteElo "1372"]
[BlackElo "1897"]
[PlyCount "84"]
[EventDate "2019.05.30"]

1. d4 Nf6 2. Bf4 d6 3. h3 g6 4. e3 Bg7 5. c4 O-O 6. Bd3 c6 7. Ne2 Qa5+ 8. Qd2
Qxd2+ 9. Nxd2 Re8 10. Nf3 Nbd7 11. Rd1 e5 12. dxe5 dxe5 13. Bh2 e4 14. Bc2 exf3
15. gxf3 Ne5 16. Bxe5 Rxe5 17. Ng3 Be6 18. f4 Ra5 19. Bb3 Nh5 20. Kf1 Nxg3+ 21.
fxg3 Bxb2 22. Rh2 Bf6 23. g4 Rc5 24. g5 Be7 25. Rd4 b5 26. Rc2 Bxh3+ 27. Kf2
Be6 28. e4 bxc4 29. Bxc4 Bxc4 30. Rdxc4 Rxc4 31. Rxc4 c5 32. Ke3 Rd8 33. Ra4
Rd7 34. Rc4 h6 35. gxh6 Kh7 36. Rc2 Kxh6 37. Rh2+ Kg7 38. Rg2 c4 39. Rc2 Bc5+
40. Ke2 Rd4 41. Kf3 Rd3+ 42. Ke2 Re3+ 0-1

[Event "VIII. hagymatikum Kupa „B”"]
[Site "Makó, Korona Hotel"]
[Date "2019.06.01"]
[Round "5.19"]
[White "Somogyi, Gabor"]
[Black "Fridrik, Richard"]
[Result "1-0"]
[WhiteElo "1874"]
[BlackElo "1786"]
[PlyCount "61"]
[EventDate "2019.05.30"]

1. Nf3 d5 2. d4 Nf6 3. c4 c6 4. cxd5 cxd5 5. Nc3 Nc6 6. a3 Bf5 7. e3 a6 8. Ne5
e6 9. Nxc6 bxc6 10. Bd2 c5 11. Qa4+ Qd7 12. Bb5 axb5 13. Qxa8+ Qd8 14. Qxd8+
Kxd8 15. Nxb5 Bd3 16. a4 Nd7 17. Ba5+ Kc8 18. Kd2 Bc4 19. Rhc1 Kb7 20. Bc3 f6
21. Kc2 Be7 22. Re1 Kb6 23. b3 Bxb5 24. axb5 Kxb5 25. Ra7 Kc6 26. Rea1 Bd6 27.
R1a6+ Nb6 28. Rxg7 Rc8 29. Ba5 Bc7 30. dxc5 Kxc5 31. Rxc7+ 1-0

[Event "VIII. hagymatikum Kupa „B”"]
[Site "Makó, Korona Hotel"]
[Date "2019.06.01"]
[Round "5.20"]
[White "Varga, Gabor"]
[Black "Torok, Csaba"]
[Result "1-0"]
[WhiteElo "1855"]
[BlackElo "1579"]
[PlyCount "121"]
[EventDate "2019.05.30"]

1. e4 c5 2. Nf3 Nc6 3. d4 cxd4 4. Nxd4 g6 5. Nc3 Bg7 6. Be3 Nf6 7. f3 O-O 8.
Qd2 d5 9. Nxc6 bxc6 10. Rd1 e6 11. Be2 Qc7 12. O-O Rd8 13. exd5 cxd5 14. Nb5
Qd7 15. Qa5 a6 16. Bb6 Rf8 17. Nc7 Rb8 18. c4 Bb7 19. Rd2 Rbc8 20. Rc1 Bh6 21.
Rcd1 Bxd2 22. Rxd2 Ne8 23. Nxe8 Rfxe8 24. c5 Rc6 25. Bd1 Rcc8 26. b4 Ra8 27.
Qa3 Bc6 28. Qb3 e5 29. Be2 e4 30. Qc3 Qe7 31. Rb2 exf3 32. Qxf3 Qe3+ 33. Qxe3
Rxe3 34. Kf2 Re6 35. Bd1 Rb8 36. Be2 Bb5 37. Bf3 Rexb6 38. cxb6 Rxb6 39. Bxd5
Ba4 40. a3 Kf8 41. Ke3 Ke7 42. Kd4 f5 43. Kc5 Rb5+ 44. Kd4 Kd6 45. Bc4 Rb6 46.
Re2 Bd7 47. Re5 h6 48. Ra5 Bc8 49. Kc3 g5 50. a4 f4 51. Rd5+ Kc7 52. b5 axb5
53. axb5 Bb7 54. Rd2 g4 55. Kb4 f3 56. gxf3 gxf3 57. Kc5 Rf6 58. Bf1 Re6 59.
Bh3 Rg6 60. Kb4 Bc8 61. Rc2+ 1-0

[Event "VIII. hagymatikum Kupa „B”"]
[Site "Makó, Korona Hotel"]
[Date "2019.06.01"]
[Round "5.21"]
[White "Marjanovic, Alex"]
[Black "Marko, Arpad"]
[Result "0-1"]
[WhiteElo "1608"]
[BlackElo "1836"]
[PlyCount "54"]
[EventDate "2019.05.30"]

1. e4 e5 2. Nf3 Nf6 3. Nxe5 d6 4. Nf3 Nxe4 5. Nc3 Nxc3 6. dxc3 Be7 7. Be3 Nc6
8. Qd2 O-O 9. O-O-O Be6 10. Kb1 a5 11. Nd4 Nxd4 12. cxd4 d5 13. f3 c6 14. g4 b5
15. h4 b4 16. h5 a4 17. g5 b3 18. Bd3 bxa2+ 19. Kxa2 c5 20. c3 c4 21. Bc2 Qb6
22. Bf4 Rfb8 23. Rb1 Bf5 24. Rhc1 Qb3+ 25. Ka1 Bxc2 26. Qxc2 a3 27. Qxb3 Rxb3
0-1

[Event "VIII. hagymatikum Kupa „B”"]
[Site "Makó, Korona Hotel"]
[Date "2019.06.01"]
[Round "5.22"]
[White "Kopias, Ferenc"]
[Black "Varga, Szilvia"]
[Result "1-0"]
[WhiteElo "1819"]
[BlackElo "1430"]
[PlyCount "91"]
[EventDate "2019.05.30"]

1. Nf3 g6 2. c4 Bg7 3. Nc3 Nf6 4. g3 O-O 5. Bg2 d6 6. O-O a6 7. d4 Bf5 8. Re1
c5 9. dxc5 dxc5 10. Qb3 Qc7 11. Nh4 Bc8 12. Nf3 Nbd7 13. e4 Qb6 14. Qc2 Ng4 15.
Nd5 Qd8 16. h3 Nge5 17. Nxe5 Nxe5 18. Be3 b6 19. Rad1 Bd7 20. f4 Nc6 21. b3 Nd4
22. Qd3 e6 23. Nc3 Qc8 24. e5 Rb8 25. Bxd4 cxd4 26. Qxd4 Rd8 27. Ne4 Bf8 28.
Kh2 Be7 29. Nd6 Bxd6 30. Qxd6 Be8 31. Qe7 Rd7 32. Rxd7 Qxd7 33. Qxd7 Bxd7 34.
Rd1 Be8 35. Rd6 Kf8 36. Kg1 Ke7 37. Kf2 h6 38. Ke3 Bd7 39. Kd4 Bc8 40. Bc6 a5
41. h4 h5 42. a3 Ba6 43. Rd7+ Kf8 44. Kc3 Bc8 45. Rd8+ Kg7 46. Bd7 1-0

[Event "VIII. hagymatikum Kupa „B”"]
[Site "Makó, Korona Hotel"]
[Date "2019.06.01"]
[Round "5.13"]
[White "Ónodi, Miklós"]
[Black "Tornyai, Jenő"]
[Result "1-0"]
[WhiteElo "1492"]
[BlackElo "1860"]
[PlyCount "141"]
[EventDate "2019.05.30"]
[SourceVersionDate "2019.06.20"]

1. d4 d5 2. Bf4 e6 3. e3 Bd6 4. Bg3 Nf6 5. Nf3 O-O 6. Nbd2 c5 7. c3 Nc6 8. Bd3
Qe7 9. Ne5 Bxe5 10. dxe5 Nd7 11. f4 f6 12. Qh5 g6 13. exf6 Nxf6 14. Qe2 e5 15.
h4 Bg4 16. Qf2 d4 17. Bc4+ Kg7 18. O-O dxc3 19. bxc3 Rad8 20. Rab1 Nh5 21. Nb3
b6 22. Bh2 Nf6 23. Rbe1 Ne4 24. Qb2 Qxh4 25. Bb5 Rd6 26. c4 Qe7 27. fxe5 Rxf1+
28. Rxf1 Re6 29. Bxc6 Rxc6 30. Rf4 Bf5 31. g4 Qg5 32. Kh1 Bxg4 33. Qg2 Qh4 34.
Qxe4 Qe1+ 35. Kg2 Bd7 36. Qf3 Be8 37. Rf8 Re6 38. Bg3 Qb1 39. Qf2 Bc6+ 40. Kh3
Qh1+ 41. Bh2 Qg2+ 42. Qxg2 Bxg2+ 43. Kxg2 Kxf8 44. Nd2 g5 45. Ne4 h6 46. Nd6
Kg7 47. Kf3 Kg6 48. Kg4 h5+ 49. Kf3 a6 50. a4 Re7 51. e4 Ra7 52. Nf5 b5 53. e6
bxa4 54. e7 Ra8 55. Nd6 g4+ 56. Ke2 h4 57. Be5 a3 58. e8=Q+ Rxe8 59. Nxe8 a2
60. Kf2 Kg5 61. Kg2 a5 62. Nd6 a4 63. Nb7 a1=Q 64. Bxa1 Kf4 65. Nxc5 h3+ 66.
Kh2 a3 67. e5 a2 68. e6 Kf3 69. Nd3 g3+ 70. Kxh3 g2 71. Ne1+ 1-0